| 000 | 00938cab a2200301 4500 | ||
|---|---|---|---|
| 001 | ABS45278 | ||
| 008 | 090401t1991 xxu||||| |||| 00| 0 eng d | ||
| 035 | _a(Sirsi) u52031 | ||
| 041 | _aeng | ||
| 245 | _aConstant rent | ||
| 260 | _c1991 | ||
| 350 | _a0 | ||
| 490 |
_aEstates Gazette _v(9139) 5 October 1991, 145-146(2) |
||
| 520 | _aMainly for Students article discussing what is meant by the term constant rent and its role in calculating rental value. Includes the major formulae. References. | ||
| 650 | _aCONSTANT RENT | ||
| 650 | _aDONALDSONS INVESTMENT TABLES | ||
| 650 | _aFORMULAE | ||
| 650 | _aIMPLIED GROWTH RATE FORMULA | ||
| 650 | _aLONG REVIEW PERIOD | ||
| 650 | _aRATIONAL MODEL | ||
| 650 | _aRENT REVIEW PERIOD | ||
| 650 | _aRENT REVIEWS | ||
| 650 | _aROSES CONSTANT RENT FORMULA | ||
| 650 |
_aValuation _96273 |
||
| 690 | _aLANDLORD AND TENANT-RENT REVIEWS | ||
| 942 | _n0 | ||
| 948 | _c04/03/1997 | ||
| 999 |
_c32276 _d32276 |
||